00487 a2200133 4500020001500000082001800015100001700033245006700050260005400117300003000171650002400201999001500225952011300240 a8188237558 a624.15136 SAR aSaran, Swami aReinforced Soil and its Engineering Applications/cSwami Saran aNew Delhi :bI. K. International Pvt. Ltd.,c2006 ax, 379p. :bill. ;c25 cm aSoil -- Engineering c1131d1131 00104070aNITbNITcCEd0000-00-00l1m1o624.15136 SARpNIT-3740 r2021-07-27s2019-10-17w2017-01-05yBK